<?xml version="1.0" encoding="UTF-8"?>
<marc:record xmlns:marc="http://www.loc.gov/MARC21/slim">
   <marc:leader>00000nam a2200000 a 4500</marc:leader>
   <marc:datafield ind1="1" ind2=" " tag="100">
      <marc:subfield code="a">Rhyner, Hans H.</marc:subfield>
      <marc:subfield code="4">aut</marc:subfield>
      <marc:subfield code="e">Verfasser/-in</marc:subfield>
   </marc:datafield>
   <marc:datafield ind1="1" ind2=" " tag="100">
      <marc:subfield code="a">Frohn, Birgit</marc:subfield>
      <marc:subfield code="4">aut</marc:subfield>
      <marc:subfield code="e">Verfasser/-in</marc:subfield>
   </marc:datafield>
   <marc:datafield ind1=" " ind2=" " tag="653">
      <marc:subfield code="a">Ayurveda</marc:subfield>
   </marc:datafield>
   <marc:datafield ind1=" " ind2=" " tag="653">
      <marc:subfield code="a">Heilpflanzen</marc:subfield>
   </marc:datafield>
   <marc:datafield ind1=" " ind2=" " tag="653">
      <marc:subfield code="a">Phytotherapie</marc:subfield>
   </marc:datafield>
   <marc:datafield ind1=" " ind2=" " tag="653">
      <marc:subfield code="a">Wörterbuch</marc:subfield>
   </marc:datafield>
   <marc:datafield ind1="0" ind2="0" tag="245">
      <marc:subfield code="a">Heilpflanzen im Ayurveda</marc:subfield>
   </marc:datafield>
   <marc:datafield ind1="0" ind2="0" tag="245">
      <marc:subfield code="c">Hans-Heinrich Rhyner ; Birgit Frohn</marc:subfield>
   </marc:datafield>
   <marc:datafield ind1=" " ind2="1" tag="264">
      <marc:subfield code="a">Baden</marc:subfield>
      <marc:subfield code="b">AT-Verl.</marc:subfield>
   </marc:datafield>
   <marc:datafield ind1=" " ind2=" " tag="250">
      <marc:subfield code="a">1. Aufl.</marc:subfield>
   </marc:datafield>
   <marc:datafield ind1="1" ind2=" " tag="520">
      <marc:subfield code="a">Angaben aus der Verlagsmeldung

Heilpflanzen im Ayurveda / von Hans H Rhyner, Birgit Frohn

Im Ayurveda haben Pflanzen einen hohen Stellenwert: Die »Lehre vom
guten Leben« kennt und verwendet Tausende von Heilpflanzen, und
die verwendeten Heilmittel sind größtenteils pflanzlichen Ursprungs.
Vieles,was zwischen Kaschmir und Madras gedeiht, ist auch in unseren
Breiten heimisch.
Das Buch gliedert sich in drei große praxisorientierte Nachschlageteile:
• In umfassenden Pflanzensteckbriefen werden erstmals 115 europäische
Heilpflanzen und ihre Anwendung auf der Grundlage des ayurvedischen
Therapiekonzepts vorgestellt, westliche Pflanzen also aus der
Sicht des Ayurveda bewertet.
• In einem weiteren Teil werden in 27 Steckbriefen die wichtigsten
Extraktpflanzen des indischen Subkontinents und ihre Anwendung vorgestellt.
Die Extrakte sind bei uns im Apothekenhandel erhältlich.
• Im großen Behandlungsteil werden schließlich die häufigsten Beschwerden
und Krankheitsbilder von Akne bis Zahnschmerzen beschrieben
mit Hinweisen zur entsprechenden Therapie, begleitenden und
vorbeugenden Maßnahmen.
Eine fundierte Einleitung fasst die Grundlagen des Ayurveda zusammen.
Das umfassende praktische Nachschlagewerk zu den ayurvedischen
Heilpflanzen, unverzichtbar für Therapeuten und alle an Pflanzenmedizin
Interessierte.
</marc:subfield>
   </marc:datafield>
   <marc:datafield ind1=" " ind2=" " tag="020">
      <marc:subfield code="a">9783038002796</marc:subfield>
      <marc:subfield code="9">9783038002796</marc:subfield>
   </marc:datafield>
   <marc:datafield ind1=" " ind2=" " tag="020">
      <marc:subfield code="a">3038002798</marc:subfield>
      <marc:subfield code="9">3038002798</marc:subfield>
   </marc:datafield>
   <marc:datafield ind1=" " ind2=" " tag="041">
      <marc:subfield code="a">ger</marc:subfield>
   </marc:datafield>
   <marc:datafield ind1=" " ind2=" " tag="300">
      <marc:subfield code="a">280 S.</marc:subfield>
   </marc:datafield>
</marc:record>
